Kandydaci na prezydenta USA - Statystyki

Ogólne statystyki
  • Ten quiz został rozwiązany 11 razy
  • Średni wynik to 5 z 26
Statystyki odpowiedzi
Kandydat Kandydat na wiceprezydenta % Poprawnych
Barack Obama Joe Biden
73%
Joe Biden Kamala Harris
73%
Donald Trump J. D. Vance
64%
Bill Clinton Al Gore
45%
Donald Trump Mike Pence
45%
Gerald Ford Bob Dole
27%
Ronald Reagan George H. W. Bush
27%
John F. Kennedy Lyndon B. Johnson
27%
George W. Bush Dick Cheney
18%
Lyndon B. Johnson Hubert Humphrey
18%
Kamala Harris Tim Walz
18%
Jimmy Carter Walter Mondale
18%
Richard Nixon Spiro Agnew
9%
Hillary Clinton Tim Kaine
9%
George H.W. Bush Dan Quayle
0%
Hubert Humphrey Edmund Muskie
0%
Walter Mondale Geraldine Ferraro
0%
Richard Nixon Henry Cabot Lodge, Jr.
0%
Bob Dole Jack Kemp
0%
Al Gore Joe Lieberman
0%
John Kerry John Edwards
0%
Michael Dukakis Lloyd Bentsen
0%
Mitt Romney Paul Ryan
0%
John McCain Sarah Palin
0%
George McGovern Sargent Shriver
0%
Barry Goldwater William Miller
0%
Nie znaleziono quizów pasujących do podanych kryteriów
Rozkład punktacji
Procent ludzi z każdym wynikiem
Percentyl według liczby udzielonych odpowiedzi
Twoja historia wyników
Nie rozwiązałeś tego quizu